01218nab a2200301uuc4500001000800000005001700008008004100025035001200066035002100078040001300099041000800112100004600120245010700166650003700273650004000310650002400350650004900374650004300423650004800466650003500514700004600549700005200595700004200647700005100689773014700740942001000887999001900897109203520241001090247.0080718s2008 spa  a1092035 a(OCoLC)820432361 ccomduadb aspa10aAguilar Serrano, Leonor4auteaut946336810aNivel de conocimientos acerca del proceso enfermero y la percepcion de autoeficacia para su aplicacion aConocimiento profesional9142064 7aProceso de Enfermería2dcs952298 0aAutoeficacia966024 aPráctica profesional en enfermeria9166248 7aAtención de enfermería2dcs913254 7aInvestigación en enfermería2dcs920665 aEstudios transversales913798910aLopez Valdez, Margarita4auteaut946294810aBernal Becerril, Martha Lilia4auteaut957959410aPonce Gomez, Gandhy4auteaut944681610aRivas Espinosa, Juan Gabriel4auteaut94610080 tRevista de Enfermería del Instituto Mexicano del Seguro Social (México)gVol. 16, No. 01, Ene.-Abr. 2008, p. 3-5w583108z0188431X0148066 cARIMP c466253d466253